LEADER 01429cam0-22004571i-450- 001 990003360710403321 005 20140520114421.0 010 $a88-453-0472-8 035 $a000336071 035 $aFED01000336071 035 $a(Aleph)000336071FED01 035 $a000336071 100 $a20030910d1991----km-y0itay50------ba 101 0 $aita 102 $aIT 105 $ay-------001yy 200 1 $aPianificazione e controllo di gestione$ecreazione del valore, cost accounting e reporting direzionale$etendenze evolutive$fLuigi Brusa, Luciana Zamprogna 210 $aMilano$cEtas libri$d1991 215 $a244 p.$d24 cm 225 1 $aGestione d'impresa$iContabilità e controllo di gestione 610 0 $aGestione 676 $a658.4 700 1$aBrusa,$bLuigi$0108802 701 1$aZamprogna,$bLuciana$0369581 801 0$aIT$bUNINA$gRICA$2UNIMARC 901 $aBK 912 $a990003360710403321 952 $aAZRAG49B(DEP)$b7988B$fDECBC 952 $aAZRAG49C$b7988C$fDECBC 952 $aAZRAG49D$b8012A$fDECBC 952 $aAZRAG49A$b7988A$fDECBC 952 $aAZRAG49E$b8012B$fDECBC 952 $aAZRAG49H(SR)$b9505B$fDECBC 952 $aAZRAG49F$b8012C$fDECBC 952 $aAZRAG49G$b9505A$fDECBC 952 $a14-12-49-RA$b5032 DEA$fECA 952 $a1-9-138-TI$b3006 DEA$fECA 959 $aDECBC 959 $aECA 996 $aPianificazione e controllo di gestione$968111 997 $aUNINA LEADER 01334nam0-2200433---450- 001 990001084010203316 005 20101130093835.0 010 $a88-14-09226-5 035 $a000108401 035 $aUSA01000108401 035 $a(ALEPH)000108401USA01 035 $a000108401 100 $a20020606d2002----km-y0itay0103----ba 101 $aita 102 $aIT 105 $ay|||z|||001yy 200 1 $a<> retribuzione$fBeniamino Fargnoli 210 $aMilano$cGiuffrè$dcopyr.2002 215 $aXX, 516 p.$d24 cm 225 2 $a<> diritto privato oggi 410 0$12001$a<> diritto privato oggi 606 0$aRetribuzione$xLegislazione 676 $a344.450121 700 1$aFARGNOLI,$bBeniamino$0147605 801 0$aIT$bsalbc$gISBD 912 $a990001084010203316 951 $aXXV.1. Coll. 1/ 192 (Coll.PBG 125)$b33395 G.$cXXV.1. Coll. 1/ 192 (Coll.PBG)$d00082118 951 $aCOLL B XIV 129$b3365 DIRCE 959 $aBK 969 $aGIU 969 $aDIRCE 979 $aSTELLA$b10$c20020606$lUSA01$h1034 979 $aPAOLA$b90$c20020628$lUSA01$h1158 979 $aPATRY$b90$c20040406$lUSA01$h1715 979 $aDIRCE$b90$c20050909$lUSA01$h1239 979 $aCHIARA$b90$c20081014$lUSA01$h1308 979 $aRSIAV2$b90$c20101130$lUSA01$h0938 996 $aRetribuzione$9706227 997 $aUNISA